[Event "Chigorin Memorial 26th"]
[Site "St Petersburg"]
[Date "2018.10.28"]
[Round "2"]
[White "Gagare, Shalmali"]
[Black "Badazhkov, Egor"]
[Result "1-0"]
[WhiteElo "2013"]
[BlackElo "1581"]
[PlyCount "59"]
[EventDate "2018.10.27"]
[EventType "swiss"]
[EventRounds "9"]
[EventCountry "RUS"]
[SourceTitle "CBM 187 Extra"]
[Source "ChessBase"]
[SourceDate "2018.11.04"]
[SourceVersion "1"]
[SourceVersionDate "2018.11.04"]
[SourceQuality "1"]

1. d4 d5 2. c4 e6 3. Nf3 Be7 4. Nc3 Nf6 5. Bf4 0-0 6. e3 c6 7. Bd3 Nbd7 8. 0-0 b6 9. Qe2 dxc4 10. Bxc4 c5 11. Rfd1 Bb7 12. Ne5 Qc8 13. Rac1 Nxe5 14. dxe5 Qc6 15. f3 Nh5 16. Bb5 Qc8 17. Ne4 Nxf4 18. exf4 Rd8 19. Rxd8+ Bxd8 20. Rd1 Bd5 21. Nc3 Bc6 22. Bxc6 Qxc6 23. Rd6 Qe8 24. Ne4 Be7 25. Rd2 Rd8 26. Nd6 Qc6 27. Qd1 Bxd6 28. exd6 Rd7 29. Qe2 Rxd6 30. Qe5 1-0